Teaching & Research Aptitude Paper 1, NTA UGC NET /SET/JRF 2023-24 (Record no. 12377)

MARC details
000 -LEADER
fixed length control field 00459nam a22001697a 4500
003 - CONTROL NUMBER IDENTIFIER
control field OSt
008 - FIXED-LENGTH DATA ELEMENTS--GENERAL INFORMATION
fixed length control field 240402b |||||||| |||| 00| 0 eng d
020 ## - INTERNATIONAL STANDARD BOOK NUMBER
International Standard Book Number 9789358707878
082 ## - DEWEY DECIMAL CLASSIFICATION NUMBER
Classification number 370.78 SHT
100 ## - MAIN ENTRY--PERSONAL NAME
Personal name SHARMA, Priyanka
245 ## - TITLE STATEMENT
Title Teaching & Research Aptitude Paper 1, NTA UGC NET /SET/JRF 2023-24
250 ## - EDITION STATEMENT
Edition statement Ist. ed.
260 ## - PUBLICATION, DISTRIBUTION, ETC. (IMPRINT)
Place of publication, distribution, etc New Delhi,
Name of publisher, distributor, etc S. Chand & Company Pvt. Ltd.,
Date of publication, distribution, etc 2024
300 ## - PHYSICAL DESCRIPTION
Extent 668 p.
650 ## - SUBJECT ADDED ENTRY--TOPICAL TERM
Topical term or geographic name as entry element Commerce
942 ## - ADDED ENTRY ELEMENTS (KOHA)
Source of classification or shelving scheme Dewey Decimal Classification
Koha item type Reference Books
Holdings
Withdrawn status Lost status Source of classification or shelving scheme Damaged status Not for loan Collection code Home library Current library Date acquired Source of acquisition Currency Cost, normal purchase price Bill Number Total Checkouts Full call number Acc. no. / Barcode Date last seen Actual Cost, discounted price Bill Date Koha item type
    Dewey Decimal Classification     B.Com. Hons PIET NCR College Library PIET NCR College Library 30/03/2024 Zafaa Books & Distributors In Rupees 650.00 ZBD0475   370.78 SHT N3602 02/04/2024 455.00 30/03/2024 Reference Books

Design & Developed by: PIET Central Library
R70 Miles Stone Pattikalyana Samalkha Panipat 132102
mail ID :- [email protected], Phone No:- 0180-2569700 Ex.216